000 00414nam a2200169Ia 4500
005 20250508153244.0
008 008 250505s9999 xx 000 0 eng d
037 _aTextual
040 _aFEDL
_beng
_cFEDL
041 _aeng
_2eng
084 _a709.54, DAS
_qFEDL
245 0 _aProdosh Das Gupta
260 _c1961
300 _a27p.
942 _cTEXL
_h709.54, DAS
999 _c1341552
_d1341552